DIARIO /

INDICE

में बचाया:
ग्रंथसूची विवरण
मुख्य लेखक: Renard, Jules (autor)
अन्य लेखक: Dorta, Antonio (selección) (selección)
स्वरूप: पुस्तक
श्रृंखला:AUSTRAL ; 1083
विषय:
टैग: टैग जोड़ें
कोई टैग नहीं, इस रिकॉर्ड को टैग करने वाले पहले व्यक्ति बनें!

MARC

LEADER 00000nam^a2200000^a^4500
001 000239634
005 20250521000000.0
009 20260310105102.491
035 |a 061283 
037 |a Acervo Xavier Clavigero 
082 |a 808. 8  |b REN 
100 |a Renard, Jules  |e (autor) 
245 1 0 |a DIARIO /  |c JULES RENARD ; SELEC. ANTONIO DORTA 
264 |a BUENOS AIRES :  |b ESPASA-CALPE,  |c 1952 
300 |a 146 p. 
336 |a texto  |b txt  |2 rdacontenido 
337 |a sin mediación  |b n  |2 rdamedio 
338 |a volumen  |b nc  |2 rdasoporte 
440 |a AUSTRAL ;  |v 1083 
520 |a INDICE 
649 |a XX 
650 |a LITERATURA -  |x COLECCIONES 
650 |a RENARD, JULES, 1864-1910 -  |x AUTOBIOGRAFIA 
650 |a Escritores Franceses 
700 |a Dorta, Antonio  |e (selección) 
910 |a Fondo General 
920 |a Impresos - Libros 
930 |a Colección General 
940 |a Literatura 
905 |a 101 
901 |a 061283  |b IT1  |c LIT  |i 061283  |u 20250521 
902 |a https://opac.biblio.iteso.mx/vufind/Record/000239634